000 00486nam a2200181Ia 4500
003 GCL
008 140319s9999 xx 000 0 eng d
040 _aGCL /
_cGCL
082 0 4 _a611
_bB I
100 1 _aBRIDGMAN, CHARLES F
245 1 0 _aINTRODUCTION TO FUNCTIONAL HISTOLOGY /
_cBRIDGMAN, CHARLES F
700 1 _aIELFORD, TRA R
260 _a[S.N] :
_bHASPER COLLINS COLLEGE ،
_c1995
300 _a574
650 0 4 _aHISTOLOGY
650 0 4 _aBRIDGMAN, CHARLES F
942 _2ddc
_cBK
999 _c11048
_d11048